Estadísticas para Geografía por Imágenes- D

Haz click aquí para intentar la prueba.

Estadísticas generales

  • Esta prueba ha sido intentada 3.146 veces
  • La puntuación promedio es 9 de 18

Estadísticas de respuestas

Respuesta% Correcto
Dinamarca
93%
Dubái
90%
Danubio
87%
Dominica
72%
Delaware
68%
Delta
68%
Dublín
59%
Daca
54%
Dolmen
48%
Doha
44%
Dalmacia
34%
Delhi
34%
Dubrovnik
32%
Duero
31%
Dover
29%
Dakar
25%
Dardanelos
22%
Denali
20%

Distribución de puntuación

Porcentaje por número respondido

Porcentaje de gente con cada puntuación

Historial de tus puntuaciones

No has intentado esta prueba.